00407nam a2200121Ia 4500008004100000245014600041260001700187260000900204300000800213650002300221650001200244856002900256170516s9999 xx 000 0 und d aNoninvasive Imaging of Myocardial Inflammation in Myocarditis using 68Ga-tagged Mannosylated Human Serum Albumin Positron Emission Tomography bTheranostics c2017 a7:2 xMedical Technology xMedtech uhttp://www.thno.org/v7i2